Statistics for Bye Bye Bye - *NSYNC - All Lyrics

Click here to take the quiz!

General Stats

  • This quiz has been taken 90 times
  • The average score is 354 of 418

Answer Stats

Answer% Correct
I,
99%
I
99%
(I
99%
a
97%
(Bye
97%
bye!)
97%
Bye
97%
bye
97%
bye!
97%
(bye
97%
bye)
97%
You
97%
you
97%
ain't
93%
no
93%
(Baby!)
92%
Baby,
92%
baby,
92%
be
92%
It
91%
it
91%
to
91%
your
91%
for
89%
lie
89%
the
89%
wanna
89%
(In
88%
in
88%
Just
88%
just
88%
So
88%
that
88%
this
86%
(But
85%
but
85%
But
85%
Don't
85%
don't
85%
me
85%
game
84%
tell
84%
two
84%
two)
84%
another
82%
on
82%
player
82%
come
80%
enough
80%
enough)
80%
fool
80%
fool)
80%
had
80%
Hey,
80%
Hey
80%
hey
80%
love
80%
see
80%
can't
78%
door
78%
now
78%
Now,
78%
gonna
77%
Might
77%
more
77%
out,
77%
out
77%
You’re
77%
you're
77%
crazy
76%
I'm
76%
know
76%
(Make
76%
make
76%
start
76%
fight
74%
really
74%
tonight
74%
and
73%
And
73%
hate
73%
may
73%
right
73%
doing
72%
probably
70%
take
70%
I've
69%
sound
69%
it's
68%
there
68%
tough)
68%
tough
68%
girl,
65%
loved
65%
gone
62%
want
62%
good
61%
leaving
61%
weren't
61%
alone
59%
endlessly
59%
one
59%
reason
59%
time
59%
with
59%
leave
58%
than
58%
better
57%
much
57%
truth
57%
behind
55%
hit
55%
give
54%
life
54%
welcome
54%
would
54%
once
51%
up,
50%
live
46%
loser
46%
sure
46%
off
42%
giving
39%
signin'
39%
checkin'
36%

Score Distribution

Percentile by Number Answered

Percent of People with Each Score

Your Score History

You have not taken this quiz